UM Logo

Dynamic decision making using the balanced scorecard framework/ (Record no. 17184)

MARC details
000 -LEADER
fixed length control field 00731nam a2200181 4500
008 - FIXED-LENGTH DATA ELEMENTS--GENERAL INFORMATION
fixed length control field 220610b ||||| |||| 00| 0 eng d
022 ## - INTERNATIONAL STANDARD SERIAL NUMBER
International Standard Serial Number 00014826
082 ## - DEWEY DECIMAL CLASSIFICATION NUMBER
Classification number DPer 657.05 Ac27 Jan 2016 vol. 91, no. 5
100 ## - MAIN ENTRY--PERSONAL NAME
Personal name Humphreys, Kerry A.
9 (RLIN) 45642
245 ## - TITLE STATEMENT
Title Dynamic decision making using the balanced scorecard framework/
Statement of responsibility, etc. Kerry A. Humphreys, Michael Shayne Gary and Ken T. Trotman.
260 ## - PUBLICATION, DISTRIBUTION, ETC. (IMPRINT)
Place of publication, distribution, etc. Sarasota, Florida:
Name of publisher, distributor, etc. American Accounting Association,
Date of publication, distribution, etc. ©2016.
300 ## - PHYSICAL DESCRIPTION
Extent V91 n5, pages 1441-1465:
Other physical details illustrations;
Dimensions 28 cm.
500 ## - GENERAL NOTE
General note The Accounting Review.
650 ## - SUBJECT ADDED ENTRY--TOPICAL TERM
Topical term or geographic name as entry element Strategic planning.
9 (RLIN) 45643
700 ## - ADDED ENTRY--PERSONAL NAME
Personal name Gary, Michael Shayne.
Relator term Author.
9 (RLIN) 45644
700 ## - ADDED ENTRY--PERSONAL NAME
Personal name Trotman, Ken T.
Relator term Author.
9 (RLIN) 45645
942 ## - ADDED ENTRY ELEMENTS (KOHA)
Source of classification or shelving scheme Dewey Decimal Classification
Koha item type Periodicals
Holdings
Withdrawn status Lost status Source of classification or shelving scheme Damaged status Not for loan Collection code Home library Current library Date acquired Total Checkouts Full call number Date last seen Price effective from Koha item type Public note
    Dewey Decimal Classification     Periodicals UM Digos College - LIC UM Digos College - LIC 06/10/2022   DPer 657.05 Ac27 Jan 2016 vol. 91, no. 5 06/10/2022 06/10/2022 Periodicals Periodical article